<?xml version="1.0" encoding="UTF-8"?>
<record
    xmlns:xsi="http://www.w3.org/2001/XMLSchema-instance"
    xsi:schemaLocation="http://www.loc.gov/MARC21/slim http://www.loc.gov/standards/marcxml/schema/MARC21slim.xsd"
    xmlns="http://www.loc.gov/MARC21/slim">

  <leader>01989nam a2200289   4500</leader>
  <controlfield tag="001">ESSALUD</controlfield>
  <controlfield tag="005">20260703101723.0</controlfield>
  <controlfield tag="007">ta</controlfield>
  <controlfield tag="008">      t        pe ||||| |||| 00| 0 spa d</controlfield>
  <datafield tag="040" ind1=" " ind2=" ">
    <subfield code="a">BMG</subfield>
  </datafield>
  <datafield tag="041" ind1=" " ind2=" ">
    <subfield code="a">spa</subfield>
  </datafield>
  <datafield tag="100" ind1=" " ind2=" ">
    <subfield code="a">Tarazana Pineda, Manolo Narciso </subfield>
    <subfield code="e">Autor</subfield>
    <subfield code="9">53135</subfield>
  </datafield>
  <datafield tag="245" ind1=" " ind2=" ">
    <subfield code="a">C&#xF3;mo calcular la remuneraci&#xF3;n vacacional por d&#xED;as del descanso fraccionado</subfield>
  </datafield>
  <datafield tag="300" ind1=" " ind2=" ">
    <subfield code="a">p&#xE1;ginas 207-209</subfield>
  </datafield>
  <datafield tag="500" ind1=" " ind2=" ">
    <subfield code="a">C&#xE1;lculos frecuentes</subfield>
  </datafield>
  <datafield tag="520" ind1=" " ind2=" ">
    <subfield code="a">Durante los meses de cierre e inicio de a&#xF1;o es habitual que los trabajadores formulen
solicitudes vinculadas al goce del descanso vacacional, ya sea por motivos
personales, familiares o de planificaci&#xF3;n del tiempo de descanso acumulado. En
este contexto, una de las consultas m&#xE1;s recurrentes est&#xE1; relacionada con la posibilidad
de fraccionar las vacaciones y con la correcta determinaci&#xF3;n de la remuneraci&#xF3;n
vacacional correspondiente al periodo fraccionado.
El presente caso pr&#xE1;ctico ha sido elaborado con la finalidad de brindar una orientaci&#xF3;n
t&#xE9;cnica y clara sobre la aplicaci&#xF3;n del r&#xE9;gimen legal del descanso vacacional
fraccionado, conforme a lo dispuesto en el Decreto Legislativo N&#xB0; 713 y sus normas
modificatorias. A partir de un supuesto frecuente en la pr&#xE1;ctica laboral, se
desarrolla el sustento normativo del fraccionamiento, se precisan las reglas que
rigen su procedencia y se expone, de manera ordenada y did&#xE1;ctica, el procedimiento
de c&#xE1;lculo de la remuneraci&#xF3;n vacacional correspondiente a los d&#xED;as efectivamente
gozados. 
</subfield>
  </datafield>
  <datafield tag="650" ind1=" " ind2=" ">
    <subfield code="a">SECTOR P&#xDA;BLICO </subfield>
    <subfield code="9">1012</subfield>
  </datafield>
  <datafield tag="650" ind1=" " ind2=" ">
    <subfield code="a">PRESUPUESTO</subfield>
  </datafield>
  <datafield tag="650" ind1=" " ind2=" ">
    <subfield code="a">INGRESOS</subfield>
    <subfield code="9">53219</subfield>
  </datafield>
  <datafield tag="650" ind1=" " ind2=" ">
    <subfield code="a">PLANILLA </subfield>
    <subfield code="9">53220</subfield>
  </datafield>
  <datafield tag="650" ind1=" " ind2=" ">
    <subfield code="a">VACACIONES PAGADAS</subfield>
    <subfield code="9">53249</subfield>
  </datafield>
  <datafield tag="650" ind1=" " ind2=" ">
    <subfield code="a">SERVIDORES</subfield>
    <subfield code="9">53222</subfield>
  </datafield>
  <datafield tag="650" ind1=" " ind2=" ">
    <subfield code="a">FUNCIONARIOS</subfield>
    <subfield code="9">53223</subfield>
  </datafield>
  <datafield tag="650" ind1=" " ind2=" ">
    <subfield code="a">CONTRATACI&#xD3;N</subfield>
  </datafield>
  <datafield tag="773" ind1="0" ind2=" ">
    <subfield code="0">22614</subfield>
    <subfield code="9">22623</subfield>
    <subfield code="d">Lima Grupo Praxis Formaci&#xF3;n Profesional, 2026-</subfield>
    <subfield code="o">PRALAB001</subfield>
    <subfield code="t">Praxis Laboral &amp; Procesal Laboral</subfield>
    <subfield code="w">ESSALUD</subfield>
    <subfield code="x">3119-768X</subfield>
  </datafield>
  <datafield tag="942" ind1=" " ind2=" ">
    <subfield code="c">ARTICULOS</subfield>
    <subfield code="e">2026-07-02</subfield>
    <subfield code="z">SQB</subfield>
  </datafield>
  <datafield tag="999" ind1=" " ind2=" ">
    <subfield code="c">22632</subfield>
    <subfield code="d">22632</subfield>
  </datafield>
</record>
